| 000 | 01150nam a2200229 i 4500 | ||
|---|---|---|---|
| 001 | 144677 | ||
| 003 | ES-MaACL | ||
| 005 | 20230906201055.0 | ||
| 007 | t| | ||
| 008 | 070214m19831985sp r ||||1| spa d | ||
| 245 | 0 | 0 |
_aSociolingüística andaluza / _cCátedra de Lengua Española, Facultad de Filología, Universidad de Sevilla ; director Vidal Lamiquiz. |
| 260 |
_aSevilla : _bServicio de Publicaciones de la Universidad de Sevilla, _c1983-1985. |
||
| 300 |
_a3 v. ; _c21 cm. |
||
| 490 | 1 |
_aPublicaciones de la Universidad de Sevilla. Serie Filisofía y letras ; _v59,75,79 |
|
| 505 | 8 | _aContiene: Vol. I. Metodología y estudios. Vol. II. Material de encuestas para el estudio del habla urbana culta de Sevilla. Vol. III. El discurso sociolingüístico | |
| 650 | 4 |
_aLengua española- _zSevilla- _xAspectos sociales. _9166068 |
|
| 700 | 1 |
_aVidal Lamiquiz. _9114498 |
|
| 710 | 2 |
_aUniversidad de Sevilla. _bFacultad de Filología. _bCátedra de Lengua Española. _97308 |
|
| 830 | 0 |
_aPublicaciones de la Universidad de Sevilla. Serie Filisofía y letras ; _v59,75,79 _9220699 |
|
| 852 |
_aES-MaACL _jP-386 _bR.110846 |
||
| 999 |
_c144677 _d144677 |
||